|
|
|
|
| LEADER |
00000nam0a2200000 4500 |
| 001 |
310530 |
| 005 |
20231102002309.0 |
| 035 |
|
|
|a (RuTPU)RU\TPU\book\335880
|
| 090 |
|
|
|a 310530
|
| 100 |
|
|
|a 20151126d1961 km y0rusy50 ca
|
| 101 |
1 |
|
|a rus
|c eng
|
| 102 |
|
|
|a RU
|
| 105 |
|
|
|a a z 001zy
|
| 200 |
1 |
|
|a Химия и токсикология органических соединений фосфора и фтора
|e пер. с англ.
|f Б. Сондерс
|
| 210 |
|
|
|a Москва
|c Изд-во иностранной литературы
|d 1961
|
| 215 |
|
|
|a 423 с.
|c ил.
|
| 320 |
|
|
|a Библиография в конце глав
|
| 606 |
1 |
|
|a Фосфорорганические соединения
|2 stltpush
|3 (RuTPU)RU\TPU\subj\32536
|9 55057
|
| 610 |
1 |
|
|a фосфорсодержащие сложные эфиры
|
| 610 |
1 |
|
|a номенклатура
|
| 610 |
1 |
|
|a млекопитающие
|
| 610 |
1 |
|
|a нервная система
|
| 610 |
1 |
|
|a фторфосфаты
|
| 610 |
1 |
|
|a диамиды
|
| 610 |
1 |
|
|a химические реакции
|
| 610 |
1 |
|
|a фторацетаты
|
| 610 |
1 |
|
|a фторуглеродная связь
|
| 610 |
1 |
|
|a инсектициды
|
| 675 |
|
|
|a 661.718
|v 4
|
| 700 |
|
1 |
|a Сондерс
|b Б.
|g Бернард
|
| 801 |
|
1 |
|a RU
|b 63413507
|c 20151126
|
| 801 |
|
2 |
|a RU
|b 63413507
|c 20170111
|g RCR
|
| 942 |
|
|
|c BK
|